Statistics for Countries with the death penalty

Click here to take the quiz!

General Stats

  • This quiz has been taken 21 times
  • The average score is 14 of 20

Answer Stats

Executions since 2018Countries% Correct
25USA
100%
1000China
94%
254Iran
94%
53Iraq
88%
160Saudi arabia
88%
15Japan
82%
UnknownNorth korea
82%
5Yemen
82%
44Egypt
76%
15Pakistan
71%
13Somalia
71%
2Sudan
71%
1Taiwan
71%
86Vietnam
71%
3Afghanistan
59%
1Thailand
59%
5Belarus
53%
13Singapore
47%
8South Sudan
41%
2Botswana
6%

Score Distribution

Percentile by Number Answered

Percent of People with Each Score

Your Score History

You have not taken this quiz